=LDR 00000nam 2200000 4500 =001 000820 =005 20250712120121 =035 ##$$a 0010-0725000690 =007 ta =008 250712################a##########0#ind## =020 ##$$a 9788-602-244-283-7 =082 ##$$a 398.209 598 =084 ##$$a 398.209 598 C. p =100 #$$a C. krismarianan =245 1#$$a petualangan bena san mima /$c C. krismarianan =250 ##$$a pertama =260 ##$$a jakarta :$b pusat perbukuan,$c 2019 =300 ##$$a 32hlm. : $b ilus. ; $c 17.5x22,9cm =700 #$$a lyly young =990 ##$$a TBM202400818